Sothebys Concise Encyclopedia of Porcelain (Record no. 240196)

MARC details
000 -LEADER
fixed length control field 00331pam a2200133 a 4500
020 ## - INTERNATIONAL STANDARD BOOK NUMBER
Terms of availability
041 ## - LANGUAGE CODE
Language code of original
082 ## - DEWEY DECIMAL CLASSIFICATION NUMBER
Classification number 738.209
Item number BAT
100 ## - MAIN ENTRY--PERSONAL NAME
Personal name David Battie .
245 ## - TITLE STATEMENT
Title Sothebys Concise Encyclopedia of Porcelain
Medium Textual Documents
260 ## - PUBLICATION, DISTRIBUTION, ETC.
Place of publication, distribution, etc. [s.l]:
Name of publisher, distributor, etc. Conran Octopus Ltd ,
Date of publication, distribution, etc. 1990.
300 ## - PHYSICAL DESCRIPTION
Extent 208:
Other physical details Hard.
930 ## - EQUIVALENCE OR CROSS-REFERENCE-UNIFORM TITLE HEADING [LOCAL, CANADA]
Uniform title 6406
Holdings
Withdrawn status Lost status Damaged status Not for loan Collection Home library Current library Date acquired Source of acquisition Cost, normal purchase price Total Checkouts Full call number Barcode Date last seen Copy number Price effective from Koha item type
          College of Fine Arts, Pune College of Fine Arts, Pune 17/12/2011 Bhararti Sahakari Grahak Bhandar 1516.00   738.209 BAT FAP-6765 07/03/2023 1 07/03/2023 Book